| 000 | 00807nam a2200253Ia 4500 | ||
|---|---|---|---|
| 003 | OSt | ||
| 005 | 20220923222701.0 | ||
| 006 | a|||||r|||| 00| 0 | ||
| 007 | ta | ||
| 008 | 220922b |||||||| |||| 00| 0 hin d | ||
| 024 | _a207,059 | ||
| 037 | _cTextual | ||
| 040 |
_aARTS _cARTS _bhin |
||
| 041 |
_2hin _ahin |
||
| 082 | _aO152,6N12x, M2;M4 | ||
| 100 | _aप्रभाकर, विष्णु | ||
| 245 | 0 | _aक्या खोया क्या पाया | |
| 246 | _aKyā khoyā kyā pāyā | ||
| 260 |
_aदिल्ली _b किताबघर _c1982 |
||
| 300 |
_a112पृ. _ccm. |
||
| 650 |
_aहिन्दी साहित्य _9156264 |
||
| 942 |
_hO152,6N12x, M2;M4 _cTEXL _2CC |
||
| 999 |
_c357679 _d357679 |
||